Business Research Methods / (Record no. 14734)
[ view plain ]
| 000 -LEADER | |
|---|---|
| fixed length control field | 01143nam a22003494a 4500 |
| 001 - CONTROL NUMBER | |
| control field | 12684236 |
| 005 - DATE AND TIME OF LATEST TRANSACTION | |
| control field | 20171114135132.0 |
| 008 - FIXED-LENGTH DATA ELEMENTS--GENERAL INFORMATION | |
| fixed length control field | 020212s20032010ohua | b 001 0 eng d |
| 010 ## - LIBRARY OF CONGRESS CONTROL NUMBER | |
| LC control number | |
| 020 ## - INTERNATIONAL STANDARD BOOK NUMBER | |
| International Standard Book Number | 1439080704 |
| 020 ## - INTERNATIONAL STANDARD BOOK NUMBER | |
| International Standard Book Number | 9781439080702 |
| 020 ## - INTERNATIONAL STANDARD BOOK NUMBER | |
| International Standard Book Number | 0324379242 (Access Code) |
| 020 ## - INTERNATIONAL STANDARD BOOK NUMBER | |
| International Standard Book Number | 9780324379242 (Access Code) |
| 035 ## - SYSTEM CONTROL NUMBER | |
| System control number | (DLC) 2002020827 |
| 035 ## - SYSTEM CONTROL NUMBER | |
| System control number | (DLC)152 |
| 040 ## - CATALOGING SOURCE | |
| Original cataloging agency | DLC |
| Transcribing agency | DLC |
| Modifying agency | DLC |
| 042 ## - AUTHENTICATION CODE | |
| Authentication code | pcc |
| 050 00 - LIBRARY OF CONGRESS CALL NUMBER | |
| Classification number | HD30.4 |
| Item number | .Z54 2003 |
| 082 00 - DEWEY DECIMAL CLASSIFICATION NUMBER | |
| Edition number | 22 |
| Classification number | 658.403072 |
| Item number | ZIK |
| 100 1# - MAIN ENTRY--PERSONAL NAME | |
| Personal name | Zikmund, William G. |
| 9 (RLIN) | 9083 |
| 245 10 - TITLE STATEMENT | |
| Title | Business Research Methods / |
| Statement of responsibility, etc | William G. Zikmund...[et. al.]. |
| 250 ## - EDITION STATEMENT | |
| Edition statement | 8th ed. |
| Remainder of edition statement | international edition |
| 260 ## - PUBLICATION, DISTRIBUTION, ETC. (IMPRINT) | |
| Place of publication, distribution, etc | Australia : |
| Name of publisher, distributor, etc | South-Western, |
| Date of publication, distribution, etc | c2010. |
| 300 ## - PHYSICAL DESCRIPTION | |
| Extent | xxii, 674 p. : |
| Other physical details | ill.; |
| Dimensions | 27 cm. |
| 500 ## - GENERAL NOTE | |
| General note | Includes index. |
| 541 ## - IMMEDIATE SOURCE OF ACQUISITION NOTE | |
| Source of acquisition | Bacca ; |
| 650 #0 - SUBJECT ADDED ENTRY--TOPICAL TERM | |
| Topical term or geographic name as entry element | Management |
| General subdivision | Research. |
| 9 (RLIN) | 9084 |
| 653 ## - INDEX TERM--UNCONTROLLED | |
| Resource For college | |
| Arrived date list | October2011 |
| 650 #0 - SUBJECT ADDED ENTRY--TOPICAL TERM | |
| 9 (RLIN) | 9085 |
| Topical term or geographic name as entry element | Business |
| General subdivision | Research |
| 942 ## - ADDED ENTRY ELEMENTS (KOHA) | |
| Source of classification or shelving scheme | Dewey Decimal Classification |
| Item type | Book - Borrowing |
| Withdrawn status | Item status | Source of classification or shelving scheme | Damaged status | Not for loan | Vendor | Home library | Current library | Shelving location | Date acquired | Source of acquisition | Total Checkouts | Total Renewals | Full call number | Barcode | Date last seen | Date last borrowed | Koha item type | Cost, normal purchase price | Cost, replacement price |
|---|---|---|---|---|---|---|---|---|---|---|---|---|---|---|---|---|---|---|---|
| Dewey Decimal Classification | Baccah | Central Library | Central Library | First floor | 29/09/2010 | 7 | 48 | 658.403072 ZIK | 000025203 | 15/07/2025 | 26/11/2018 | Book - Borrowing | |||||||
| Dewey Decimal Classification | Baccah | Central Library | Central Library | First floor | 29/09/2010 | 10 | 8 | 658.403072 ZIK | 000025192 | 15/07/2025 | 18/12/2017 | Book - Borrowing | |||||||
| Dewey Decimal Classification | Baccah | Central Library | Central Library | First floor | 29/09/2010 | 7 | 12 | 658.403072 ZIK | 000025193 | 15/07/2025 | 18/12/2017 | Book - Borrowing | |||||||
| Dewey Decimal Classification | Baccah | Central Library | Central Library | First floor | 29/09/2010 | 10 | 36 | 658.403072 ZIK | 000037477 | 15/07/2025 | 25/01/2023 | Book - Borrowing | |||||||
| Dewey Decimal Classification | Baccah | Central Library | Central Library | First floor | 29/09/2010 | 9 | 20 | 658.403072 ZIK | 000025201 | 15/07/2025 | 18/12/2017 | Book - Borrowing | |||||||
| Dewey Decimal Classification | Baccah | Central Library | Central Library | First floor | 29/09/2010 | 9 | 38 | 658.403072 ZIK | 000025200 | 15/07/2025 | 18/12/2017 | Book - Borrowing | |||||||
| Dewey Decimal Classification | Baccah | Central Library | Central Library | First floor | 29/09/2010 | 5 | 658.403072 ZIK | 000025199 | 15/07/2025 | 07/12/2011 | NB - Book (Non borrowing) | ||||||||
| Dewey Decimal Classification | Baccah | Central Library | Central Library | First floor | 30/10/2011 | 6 | 34 | 658.403072 ZIK | 000025514 | 15/07/2025 | 17/07/2018 | Book - Borrowing | 180.00 | 225.00 | |||||
| Dewey Decimal Classification | Baccah | Central Library | Central Library | First floor | 30/10/2011 | 6 | 10 | 658.403072 ZIK | 000025526 | 15/07/2025 | 10/12/2019 | Book - Borrowing | |||||||
| Dewey Decimal Classification | Baccah | Central Library | Central Library | First floor | 30/10/2011 | 5 | 9 | 658.403072 ZIK | 000025527 | 15/07/2025 | 02/08/2023 | Book - Borrowing | |||||||
| Dewey Decimal Classification | Baccah | Central Library | Central Library | First floor | 30/10/2011 | 6 | 5 | 658.403072 ZIK | 000025528 | 15/07/2025 | 19/02/2018 | Book - Borrowing |